[Event "COL-chT"]
[Site "Ibague"]
[Date "2017.07.19"]
[Round "1.1"]
[White "Diaz, Jaime Walter"]
[Black "Lopez Ramirez, David Santiago"]
[Result "1-0"]
[WhiteElo "2146"]
[BlackElo "1730"]
[PlyCount "89"]
[EventDate "2017.07.19"]
[EventType "team-swiss"]
[EventRounds "6"]
[EventCountry "COL"]
[SourceTitle "CBM 179 Extra"]
[Source "ChessBase"]
[SourceDate "2017.08.23"]
[SourceVersion "1"]
[SourceVersionDate "2017.08.23"]
[SourceQuality "1"]
[WhiteTeam "Tolima V"]
[BlackTeam "Cundinamarca Juvenil"]
[WhiteTeamCountry "COL"]
[BlackTeamCountry "COL"]

1. c4 c5 2. Nc3 Nf6 3. Nf3 Nc6 4. d4 cxd4 5. Nxd4 d5 6. cxd5 Nxd5 7. Nxc6 bxc6 8. Qc2 e5 9. a3 Be6 10. Na4 Rc8 11. e4 Nf6 12. Be3 Nd7 13. Be2 Be7 14. 0-0 c5 15. Rfd1 Qc7 16. Rac1 c4 17. Nc3 Nb6 18. Nb5 Qb8 19. Rd2 a6 20. Nc3 0-0 21. Bxb6 Qxb6 22. Nd5 Bxd5 23. Rxd5 c3 24. b4 Qf6 25. Qd3 a5 26. Rxa5 Rfd8 27. Rd5 Rxd5 28. exd5 Qd6 29. Bf3 Qc7 30. Bg4 Qc4 31. Qxc4 Rxc4 32. Be2 Rd4 33. Rxc3 Rxd5 34. Rd3 Rxd3 35. Bxd3 Kf8 36. Kf1 Ke8 37. Ke2 Kd7 38. Kd2 h6 39. Kc3 Kc6 40. Kc4 Bf8 41. Be4+ Kc7 42. a4 g6 43. a5 f5 44. Bd5 e4 45. b5 1-0

[Event "Medellin Easter op"]
[Site "Medellin"]
[Date "2015.??.??"]
[Round "7"]
[White "Chirivi Castiblanco, Angie Lizeth"]
[Black "Diaz, Jaime Walter"]
[Result "1-0"]
[WhiteElo "2042"]
[BlackElo "2175"]
[PlyCount "75"]
[EventDate "2015.04.01"]
[EventType "swiss"]
[EventRounds "9"]
[EventCountry "COL"]
[SourceTitle "CBM 165 Extra"]
[Source "ChessBase"]
[SourceDate "2015.04.21"]
[SourceVersion "1"]
[SourceVersionDate "2015.04.21"]
[SourceQuality "1"]

1. e4 c5 2. Nf3 d6 3. d4 cxd4 4. Nxd4 Nf6 5. Nc3 g6 6. Be3 Bg7 7. f3 0-0 8. Qd2 Nc6 9. Bc4 Bd7 10. 0-0-0 Rc8 11. Bb3 Ne5 12. Kb1 h5 13. h4 Kh7 14. g4 b5 15. Rdg1 hxg4 16. h5 g5 17. Bxg5 gxf3 18. Nf5 Bxf5 19. exf5 Rxc3 20. h6 Bh8 21. Qxc3 f2 22. Rf1 Qa8 23. Qe3 Nfg4 24. Qf4 Qf3 25. Qd2 Qxf5 26. Bxe7 Nf3 27. Qxd6 Re8 28. a4 Be5 29. Qc5 Nd2+ 30. Ka1 Nxf1 31. Rxf1 Qd7 32. Rxf2 Rxe7 33. Rg2 bxa4 34. Bc4 Nxh6 35. Bd3+ Kh8 36. Rg5 Bf6 37. Rg1 Re5 38. Qf8+ 1-0

[Event "Medellin Easter op"]
[Site "Medellin"]
[Date "2015.??.??"]
[Round "3"]
[White "Vittorino, Carlo Giovanni"]
[Black "Diaz, Jaime Walter"]
[Result "1-0"]
[WhiteElo "2275"]
[BlackElo "2175"]
[PlyCount "40"]
[EventDate "2015.04.01"]
[EventType "swiss"]
[EventRounds "9"]
[EventCountry "COL"]
[SourceTitle "CBM 165 Extra"]
[Source "ChessBase"]
[SourceDate "2015.04.21"]
[SourceVersion "1"]
[SourceVersionDate "2015.04.21"]
[SourceQuality "1"]

1. Nf3 c5 2. c4 Nc6 3. g3 Nf6 4. Bg2 d5 5. cxd5 Nxd5 6. Nc3 Nc7 7. 0-0 e5 8. Ne1 Bd7 9. Nd3 f6 10. b3 Ne6 11. Bb2 Rc8 12. f4 exf4 13. gxf4 Be7 14. f5 Ng5 15. Nd5 0-0 16. e4 Bd6 17. Qg4 Qe8 18. e5 Nxe5 19. Nxe5 Bxe5 20. Bxe5 Qe6 1-0

[Event "Mosquera op"]
[Site "Mosquera"]
[Date "2014.11.01"]
[Round "5"]
[White "Garavito, Miguel Angel"]
[Black "Diaz, Jaime Walter"]
[Result "1-0"]
[WhiteElo "2257"]
[BlackElo "2158"]
[PlyCount "49"]
[EventDate "2014.10.30"]
[EventType "swiss"]
[EventRounds "9"]
[EventCountry "COL"]
[SourceTitle "EXT 2015"]
[Source "ChessBase"]
[SourceDate "2014.11.20"]
[SourceVersion "1"]
[SourceVersionDate "2014.11.20"]
[SourceQuality "1"]

1. d4 d6 2. Nf3 Nf6 3. g3 Nbd7 4. Bg2 e5 5. c4 Be7 6. Nc3 c6 7. e4 0-0 8. 0-0 Qc7 9. h3 a6 10. Be3 b6 11. Nh4 g6 12. f4 Nh5 13. Nf5 Bf6 14. fxe5 dxe5 15. d5 Bb7 16. Kh2 Ng7 17. Nh6+ Kh8 18. g4 Ne8 19. g5 Bg7 20. Nxf7+ Kg8 21. d6 Qb8 22. c5 Rxf7 23. Rxf7 Kxf7 24. Qb3+ Kf8 25. Rf1+ 1-0

[Event "COL-ch sf"]
[Site "Medellin"]
[Date "2014.??.??"]
[Round "3"]
[White "Diaz, Jaime Walter"]
[Black "Valderrama Quiceno, Esteban Alberto"]
[Result "0-1"]
[WhiteElo "2181"]
[BlackElo "2275"]
[PlyCount "54"]
[EventDate "2014.04.15"]
[EventType "swiss"]
[EventRounds "11"]
[EventCountry "COL"]
[SourceTitle "CBM 160 Extra"]
[Source "ChessBase"]
[SourceDate "2014.07.01"]
[SourceVersion "1"]
[SourceVersionDate "2014.07.01"]
[SourceQuality "1"]

1. d4 Nf6 2. c4 e6 3. Nf3 b6 4. g3 Ba6 5. b3 Bb4+ 6. Bd2 Be7 7. Bg2 0-0 8. 0-0 Bb7 9. Nc3 Ne4 10. Nxe4 Bxe4 11. Bc3 d5 12. Re1 Nd7 13. Bf1 Nf6 14. Ne5 dxc4 15. bxc4 c5 16. f3 Bb7 17. e3 Qc7 18. Be2 Rfd8 19. Qb3 Nd7 20. Nxd7 Rxd7 21. Red1 Rad8 22. Rd2 Bg5 23. f4 cxd4 24. exd4 Bf6 25. Rad1 Qc6 26. d5 exd5 27. Bf3 Qc5+ 0-1

[Event "COL-ch sf"]
[Site "Medellin"]
[Date "2014.??.??"]
[Round "4"]
[White "Sosa Florez, Juan Sebastian"]
[Black "Diaz, Jaime Walter"]
[Result "0-1"]
[WhiteElo "1767"]
[BlackElo "2181"]
[PlyCount "112"]
[EventDate "2014.04.15"]
[EventType "swiss"]
[EventRounds "11"]
[EventCountry "COL"]
[SourceTitle "CBM 160 Extra"]
[Source "ChessBase"]
[SourceDate "2014.07.01"]
[SourceVersion "1"]
[SourceVersionDate "2014.07.01"]
[SourceQuality "1"]

1. e4 c5 2. Nf3 Nc6 3. d4 cxd4 4. Nxd4 g6 5. Nc3 Bg7 6. Be3 Nf6 7. Be2 0-0 8. 0-0 d6 9. Qd2 Nxd4 10. Bxd4 Qa5 11. Bd3 Qb4 12. Be3 Be6 13. a3 Qa5 14. b4 Qd8 15. Rad1 Ng4 16. Ne2 Nxe3 17. Qxe3 a5 18. f4 axb4 19. axb4 Ra3 20. f5 Bc4 21. Kh1 Qc7 22. fxg6 hxg6 23. Nf4 e6 24. Qh3 e5 25. Ne2 d5 26. Ng3 d4 27. Qg4 Be6 28. Nf5 Bc8 29. Qh4 gxf5 30. exf5 f6 31. Rf3 Rf7 32. Bc4 Rxf3 33. Bxf7+ Qxf7 34. gxf3 Bxf5 35. Rc1 Kf8 36. Ra1 Bd7 37. Ra8+ Ke7 38. Qe4 f5 39. Qxb7 Qc4 40. Kg1 Bh6 41. Ra7 Be3+ 42. Kg2 Qe2+ 43. Kh3 Qf1+ 44. Kh4 Bf2+ 45. Kg5 Qg2+ 46. Kh6 Be3+ 47. Kh7 Qxh2+ 48. Kg8 Qg3+ 49. Kh7 Qh4+ 50. Kg8 Qg5+ 51. Kh7 Qh5+ 52. Kg8 Qe8+ 53. Kh7 Bg5 54. Ra6 Qf7+ 55. Kh8 Bf6+ 56. Rxf6 Kxf6 0-1

[Event "COL-ch"]
[Site "Ibague"]
[Date "2013.07.02"]
[Round "2"]
[White "Diaz, Jaime Walter"]
[Black "Marin, Diego Alejandro"]
[Result "1-0"]
[WhiteElo "2175"]
[BlackElo "1923"]
[PlyCount "129"]
[EventDate "2013.07.01"]
[EventType "swiss"]
[EventRounds "11"]
[EventCountry "COL"]
[SourceTitle "EXT 2014"]
[Source "ChessBase"]
[SourceDate "2013.11.20"]
[SourceVersion "1"]
[SourceVersionDate "2013.11.20"]
[SourceQuality "1"]

1. c4 c6 2. d4 d5 3. Nc3 Nf6 4. Nf3 e6 5. Bf4 dxc4 6. a4 Bb4 7. Ne5 b5 8. f3 Nd5 9. Bd2 Nxc3 10. bxc3 Bd6 11. Ng4 Nd7 12. e4 f5 13. Nf2 e5 14. exf5 exd4 15. cxd4 Nf6 16. axb5 cxb5 17. Qb1 Qe7+ 18. Be2 a6 19. 0-0 0-0 20. Re1 Qc7 21. g3 Bb7 22. Ba5 Qc6 23. Ne4 Nxe4 24. fxe4 Rxf5 25. Bg4 Rf6 26. Bh3 Raf8 27. Ra2 Rh6 28. Bg2 Bxg3 29. hxg3 Qd6 30. Re3 Qxd4 31. Qe1 Qe5 32. Rf2 Rxf2 33. Kxf2 Rd6 34. Bc3 Qe6 35. Bb4 Rd3 36. Rxd3 cxd3 37. Ke3 Qb3 38. Qd2 Qb1 39. Kd4 Bc8 40. Bc3 Bg4 41. Qe1 Qa2 42. Bf1 Qc4+ 43. Ke3 Be2 44. Bxe2 dxe2 45. Qd2 e1Q+ 46. Qxe1 h6 47. Qd2 Kh7 48. Qd4 Qc7 49. Qe5 Qb7 50. Qf5+ Kh8 51. e5 Qc7 52. Kd2 a5 53. e6 b4 54. Be5 Qd8+ 55. Ke1 a4 56. Qf7 Qa5 57. Bf4 Qc5 58. e7 Qg1+ 59. Ke2 Qg2+ 60. Ke3 Qg1+ 61. Ke4 Qb1+ 62. Kd4 Qb2+ 63. Kc5 Qf2+ 64. Kxb4 Qe2 65. Ka5 1-0

[Event "Pamplona IRT rap op"]
[Site "Pamplona"]
[Date "2012.11.10"]
[Round "4"]
[White "Panesso Rivera, Henry"]
[Black "Diaz, Jaime Walter"]
[Result "1-0"]
[WhiteElo "2335"]
[BlackElo "2175"]
[PlyCount "85"]
[EventDate "2012.11.09"]
[EventType "swiss"]
[EventRounds "11"]
[EventCountry "COL"]
[SourceTitle "CBM 151 Extra"]
[Source "ChessBase"]
[SourceDate "2012.12.18"]
[SourceVersion "1"]
[SourceVersionDate "2012.12.18"]
[SourceQuality "1"]

1. d4 Nf6 2. Nf3 g6 3. c4 Bg7 4. Nc3 d6 5. Bf4 0-0 6. e3 Nfd7 7. Be2 e5 8. Bg3 c6 9. Rc1 Re8 10. 0-0 f5 11. Qb3 Qb6 12. Qc2 Qa5 13. c5 e4 14. Bc4+ d5 15. Nxd5 cxd5 16. Bxd5+ Kh8 17. Ng5 h6 18. Nf7+ Kh7 19. Nd6 Rf8 20. Nxc8 Rxc8 21. Bxb7 Nc6 22. a3 Qb5 23. Bxa8 Rxa8 24. d5 Nce5 25. b4 Nd3 26. Rb1 Rc8 27. a4 Qa6 28. b5 Qf6 29. c6 N7e5 30. a5 Qd8 31. b6 axb6 32. axb6 Qxd5 33. b7 Rxc6 34. Qb3 Qxb3 35. Rxb3 Nd7 36. Rb5 Rc2 37. Rd5 N3c5 38. Rb1 g5 39. h3 Kg6 40. Rb6+ Bf6 41. Rb5 Nxb7 42. Rxb7 Nc5 43. Rb6 1-0

[Event "Bogota op 10"]
[Site "Bogota"]
[Date "2012.10.12"]
[Round "2"]
[White "Ortegon Villacorte, Linda Daniela"]
[Black "Diaz, Jaime Walter"]
[Result "0-1"]
[WhiteElo "1821"]
[BlackElo "2177"]
[PlyCount "52"]
[EventDate "2012.10.11"]
[EventType "swiss"]
[EventRounds "9"]
[EventCountry "COL"]
[SourceTitle "EXT 2013"]
[Source "ChessBase"]
[SourceDate "2012.11.22"]
[SourceVersion "1"]
[SourceVersionDate "2012.11.22"]
[SourceQuality "1"]

1. e4 c5 2. Nc3 Nc6 3. f4 g6 4. Bc4 e6 5. Nf3 Nge7 6. 0-0 d5 7. Bb3 Bg7 8. d3 0-0 9. Qe1 a6 10. a4 Rb8 11. f5 dxe4 12. f6 Bxf6 13. Nxe4 Bg7 14. Bf4 Ra8 15. Qh4 Nf5 16. Qh3 h5 17. Ng3 Ncd4 18. Nxd4 Qxd4+ 19. Kh1 e5 20. Nxf5 Bxf5 21. Be3 Bxh3 22. Bxd4 Bxg2+ 23. Kxg2 cxd4 24. Rf3 Rac8 25. Raf1 Rc7 26. Kg3 Bh6 0-1

[Event "Bogota op 10"]
[Site "Bogota"]
[Date "2012.10.11"]
[Round "1"]
[White "Diaz, Jaime Walter"]
[Black "Peraza, Leonardo"]
[Result "1/2-1/2"]
[WhiteElo "2177"]
[BlackElo "1791"]
[PlyCount "85"]
[EventDate "2012.10.11"]
[EventType "swiss"]
[EventRounds "9"]
[EventCountry "COL"]
[SourceTitle "EXT 2013"]
[Source "ChessBase"]
[SourceDate "2012.11.22"]
[SourceVersion "1"]
[SourceVersionDate "2012.11.22"]
[SourceQuality "1"]

1. c4 Nf6 2. Nc3 g6 3. g3 Bg7 4. Bg2 0-0 5. d4 c6 6. e4 d6 7. Nf3 Bg4 8. h3 Bxf3 9. Bxf3 e5 10. dxe5 dxe5 11. Be3 Qa5 12. a3 Nbd7 13. b4 Qc7 14. 0-0 Rfd8 15. Qb3 Nf8 16. Rfd1 b6 17. c5 Ne6 18. cxb6 axb6 19. Qc4 Bf8 20. a4 c5 21. bxc5 Bxc5 22. Bxc5 Nxc5 23. Rab1 Rxd1+ 24. Rxd1 Rd8 25. Rxd8+ Qxd8 26. a5 Qd4 27. Qxd4 exd4 28. Nb5 bxa5 29. e5 Nfd7 30. Nxd4 Nxe5 31. Bd5 Ned3 32. Nb5 Kf8 33. f4 Ke7 34. Kg2 h6 35. Kf3 f5 36. Ke3 Nb4 37. Bf3 Ne6 38. Bd1 g5 39. fxg5 hxg5 40. h4 Nd5+ 41. Kf2 f4 42. hxg5 fxg3+ 43. Kxg3 1/2-1/2

[Event "Bogota Semana Santa op"]
[Site "Bogota"]
[Date "2012.04.04"]
[Round "2"]
[White "Mercado, Luisa Fernanda"]
[Black "Diaz, Jaime Walter"]
[Result "1-0"]
[WhiteElo "2075"]
[BlackElo "2227"]
[PlyCount "47"]
[EventDate "2012.04.04"]
[EventType "swiss"]
[EventRounds "9"]
[EventCountry "COL"]
[SourceTitle "CBM 147 Extra"]
[Source "ChessBase"]
[SourceDate "2012.04.24"]
[SourceVersion "1"]
[SourceVersionDate "2012.04.24"]
[SourceQuality "1"]

1. e4 c5 2. Nf3 Nc6 3. Bb5 Na5 4. 0-0 a6 5. Be2 e6 6. c3 d5 7. exd5 Qxd5 8. d4 cxd4 9. Nxd4 Qd8 10. Bf3 Bd7 11. b4 Nc6 12. Nxc6 bxc6 13. Qd3 Be7 14. Nd2 Nf6 15. Rd1 Nd5 16. Ne4 f5 17. Nc5 Bxc5 18. bxc5 Qa5 19. c4 Nf6 20. Bb2 Qc7 21. Bxf6 gxf6 22. Bh5+ Ke7 23. Rab1 Rhd8 24. Rb7 1-0

[Event "Bogota Univ Central op-A 5th"]
[Site "Bogota"]
[Date "2011.10.17"]
[Round "8.1"]
[White "Martinez, Jorge Alexander"]
[Black "Diaz, Jaime Walter"]
[Result "1-0"]
[WhiteElo "2196"]
[BlackElo "2242"]
[PlyCount "67"]
[EventDate "2011.10.13"]
[EventType "swiss"]
[EventRounds "9"]
[EventCountry "COL"]
[SourceTitle "EXT 2024"]
[Source "ChessBase"]
[SourceDate "2023.10.10"]
[SourceVersion "1"]
[SourceVersionDate "2023.10.10"]
[SourceQuality "1"]

1. e4 e5 2. Nf3 Nc6 3. d4 exd4 4. Bc4 Nf6 5. e5 d5 6. Bb5 Ne4 7. Nxd4 Bc5 8. Be3 Bd7 9. Bxc6 bxc6 10. Nd2 Nxd2 11. Qxd2 Qe7 12. 0-0 Bb6 13. Bg5 Qc5 14. c3 0-0 15. Rae1 Rfe8 16. Re3 Qf8 17. Rg3 Bxd4 18. Qxd4 Bf5 19. Bh6 Bg6 20. Be3 Qe7 21. f4 Bf5 22. b4 a5 23. a3 axb4 24. axb4 Ra2 25. b5 cxb5 26. Qxd5 Rc2 27. Bd4 Qd7 28. Rxg7+ Kf8 29. Qc5+ Kxg7 30. e6+ Qxd4+ 31. Qxd4+ Kg6 32. g4 Bxg4 33. Qd3+ Bf5 34. Qg3+ 1-0

[Event "Bogota Univ Central op-A 5th"]
[Site "Bogota"]
[Date "2011.10.14"]
[Round "2.1"]
[White "Latorre, Franklin Leandro"]
[Black "Diaz, Jaime Walter"]
[Result "0-1"]
[WhiteElo "2007"]
[BlackElo "2242"]
[PlyCount "50"]
[EventDate "2011.10.13"]
[EventType "swiss"]
[EventRounds "9"]
[EventCountry "COL"]
[SourceTitle "EXT 2024"]
[Source "ChessBase"]
[SourceDate "2023.10.10"]
[SourceVersion "1"]
[SourceVersionDate "2023.10.10"]
[SourceQuality "1"]

1. e4 c5 2. c3 d5 3. exd5 Qxd5 4. d4 Nc6 5. Nf3 Bg4 6. Be2 cxd4 7. cxd4 e6 8. Nc3 Qd8 9. Bf4 Bd6 10. Bxd6 Qxd6 11. 0-0 Nf6 12. Nb5 Qd8 13. h3 Bf5 14. Qb3 0-0 15. Rfd1 Nd5 16. Rac1 Nf4 17. Bf1 Qb8 18. Nh4 Be4 19. Nc3 Bd5 20. Nxd5 Nxd5 21. Nf3 Rd8 22. Bd3 Nf6 23. Bb1 Rd5 24. Rc5 Nxd4 25. Qa3 Nxf3+ 0-1

[Event "Bogota Univ Central op-A 5th"]
[Site "Bogota"]
[Date "2011.10.13"]
[Round "1.1"]
[White "Diaz, Jaime Walter"]
[Black "Cespedes Galindo, Estefania"]
[Result "1-0"]
[WhiteElo "2242"]
[BlackElo "1846"]
[PlyCount "71"]
[EventDate "2011.10.13"]
[EventType "swiss"]
[EventRounds "9"]
[EventCountry "COL"]
[SourceTitle "EXT 2024"]
[Source "ChessBase"]
[SourceDate "2023.10.10"]
[SourceVersion "1"]
[SourceVersionDate "2023.10.10"]
[SourceQuality "1"]

1. d4 d5 2. c4 e6 3. Nc3 Be7 4. Nf3 Nf6 5. Bg5 Nbd7 6. e3 b6 7. cxd5 exd5 8. a3 Bb7 9. b4 Rc8 10. Rb1 0-0 11. Bd3 Ne4 12. Bxe4 dxe4 13. Bxe7 Qxe7 14. Nd2 Nf6 15. 0-0 c5 16. bxc5 bxc5 17. dxc5 Rxc5 18. Nb5 Rd8 19. Nd4 Ba6 20. Re1 Bd3 21. Rc1 Rb8 22. Nc6 Rxc6 23. Rxc6 Qxa3 24. Qc1 Qf8 25. Qa1 h6 26. Rec1 Kh7 27. Qxa7 Qb4 28. Qa2 Qb2 29. Qa5 Rb5 30. Qc3 Qa2 31. Ra1 Qd5 32. h3 Qh5 33. Nf1 Rg5 34. Ng3 Qh4 35. Rxf6 gxf6 36. Qxf6 1-0

[Event "Bogota Central op"]
[Site "Bogota"]
[Date "2008.11.07"]
[Round "5.1"]
[White "Vittorino, Carlo Giovanni"]
[Black "Diaz, Jaime Walter"]
[Result "1-0"]
[WhiteElo "2200"]
[BlackElo "2246"]
[PlyCount "73"]
[EventDate "2008.11.05"]
[EventType "swiss"]
[EventRounds "6"]
[EventCountry "COL"]
[SourceTitle "EXT 2024"]
[Source "ChessBase"]
[SourceDate "2023.10.10"]
[SourceVersion "1"]
[SourceVersionDate "2023.10.10"]
[SourceQuality "1"]

1. d4 Nf6 2. c4 g6 3. Nc3 Bg7 4. e4 d6 5. Nf3 0-0 6. h3 c5 7. d5 e6 8. Bd3 exd5 9. cxd5 a6 10. a4 Re8 11. 0-0 c4 12. Bc2 Nbd7 13. Bf4 Nc5 14. Re1 b6 15. Nd2 Nh5 16. Bh2 Be5 17. Bxe5 Rxe5 18. Nxc4 Rg5 19. Re3 Nf4 20. Rg3 Rxg3 21. fxg3 Nh5 22. Qf3 Ra7 23. g4 Ng7 24. Rf1 Re7 25. e5 dxe5 26. d6 Re8 27. Nd5 f5 28. Ne7+ Rxe7 29. dxe7 Qd4+ 30. Ne3 Bb7 31. Bb3+ Kh8 32. Bd5 e4 33. Qg3 Bxd5 34. gxf5 gxf5 35. Rxf5 Bg8 36. Rf8 Nd7 37. e8Q 1-0

[Event "Bucaramanga op"]
[Site "Bucaramanga"]
[Date "2008.06.02"]
[Round "8"]
[White "Mateus, Alejandro"]
[Black "Diaz, Jaime Walter"]
[Result "0-1"]
[WhiteElo "2181"]
[BlackElo "2271"]
[PlyCount "92"]
[EventDate "2008.05.30"]
[EventType "swiss"]
[EventRounds "9"]
[EventCountry "COL"]
[SourceTitle "EXT 2010"]
[Source "ChessBase"]
[SourceDate "2010.11.25"]
[SourceVersion "1"]
[SourceVersionDate "2010.11.25"]
[SourceQuality "1"]

1. e4 c5 2. Nf3 Nc6 3. d4 cxd4 4. Nxd4 g6 5. Nc3 Bg7 6. Nde2 Nf6 7. g3 d6 8. Bg2 0-0 9. 0-0 Bg4 10. h3 Be6 11. Nd5 Rc8 12. a4 Nd7 13. Nef4 Nc5 14. Nxe6 fxe6 15. Nf4 e5 16. Nd5 Rf7 17. c3 e6 18. Ne3 a5 19. Rb1 b6 20. h4 h6 21. b4 axb4 22. cxb4 Nb7 23. Qg4 Rf6 24. Qe2 Nd4 25. Qa2 Rf7 26. Bh3 Qe8 27. Bb2 Nf3+ 28. Kg2 Nd8 29. Rfd1 Nd4 30. Rdc1 Ra8 31. Ra1 Rfa7 32. Qc4 Qf7 33. Bg4 h5 34. Bd1 N8c6 35. Bc3 Rf8 36. Be1 Nf3 37. Bxf3 Qxf3+ 38. Kh2 Nd4 39. Qd3 Bh6 40. Ra2 Raf7 41. a5 Rf4 42. Qd1 Qxe4 43. gxf4 Rxf4 44. Ng2 Nf3+ 45. Kh1 Rxh4+ 46. Nxh4 Qxh4+ 0-1